[Event "Grand Pacific op"]
[Site "Victoria CAN"]
[Date "2019.04.19"]
[Round "1.6"]
[White "Bince, Rolando"]
[Black "Sali, Zulfikar"]
[Result "0-1"]
[WhiteElo "2011"]
[BlackElo "2311"]
[PlyCount "100"]
[EventDate "2019.04.19"]
[EventType "swiss"]
[EventRounds "6"]
[EventCountry "CAN"]

1. d4 Nf6 2. Bf4 g6 3. Nf3 Bg7 4. e3 O-O 5. Bd3 d6 6. O-O Nc6 7. Nbd2 h6 8. Bg3
Nh5 9. c3 Nxg3 10. hxg3 e5 11. Nh4 d5 12. dxe5 Nxe5 13. Be2 c5 14. Nhf3 Ng4 15.
Nh2 Nf6 16. Bf3 Qe7 17. Re1 Rd8 18. Qa4 Bd7 19. Qb3 Be6 20. Qa4 b5 21. Qa5 Rab8
22. Be2 b4 23. cxb4 Rxb4 24. b3 Rbb8 25. Rac1 Rdc8 26. Ba6 Rc6 27. Nhf3 Ng4 28.
Nd4 Rxa6 29. Qxa6 cxd4 30. e4 Rb6 31. Qd3 Ne5 32. Qc2 d3 33. Qc7 Qxc7 34. Rxc7
Ra6 35. a4 dxe4 36. Rxe4 h5 37. Rd4 Nf3+ 38. Nxf3 Bxd4 39. Kf1 Bf6 40. Nd2 Bd8
41. Rc3 Rd6 42. b4 Rd4 43. f4 Be7 44. Ke1 Bxb4 45. Rc7 Bxd2+ 46. Kxd2 Rxa4 47.
Kxd3 Ra3+ 48. Ke4 Rxg3 49. Ke5 Kg7 50. Rxa7 Rxg2 0-1

[Event "Grand Pacific op"]
[Site "Victoria CAN"]
[Date "2019.04.19"]
[Round "1.7"]
[White "Doknjas, John"]
[Black "Haines, Duncan"]
[Result "1-0"]
[WhiteElo "2304"]
[BlackElo "2003"]
[PlyCount "79"]
[EventDate "2019.04.19"]
[EventType "swiss"]
[EventRounds "6"]
[EventCountry "CAN"]

1. d4 Nf6 2. c4 e6 3. Nc3 d5 4. cxd5 exd5 5. Bg5 Be7 6. e3 c6 7. Bd3 Nbd7 8.
Nf3 O-O 9. Qc2 Re8 10. h3 Ne4 11. Bf4 Ndf6 12. O-O Bd6 13. Ne5 Nxc3 14. bxc3
Be6 15. g4 h6 16. f3 Nd7 17. Nxf7 Bxf7 18. Bxd6 Rxe3 19. Bf4 Re8 20. Kh2 b5 21.
Qd2 Qf6 22. g5 hxg5 23. Bxg5 Qd6+ 24. Bf4 Qf6 25. Rg1 g6 26. Rg3 Re6 27. Bg5
Qg7 28. f4 Nf8 29. f5 Ree8 30. fxg6 Nxg6 31. Bh6 Qf6 32. Bxg6 Bxg6 33. Rxg6+
Qxg6 34. Rg1 Re6 35. Rxg6+ Rxg6 36. Bf4 Rf8 37. Be5 Rf1 38. Qe2 Rgg1 39. Qh5
Rh1+ 40. Kg3 1-0

[Event "Grand Pacific op"]
[Site "Victoria CAN"]
[Date "2019.04.19"]
[Round "1.8"]
[White "Dixit, Arun"]
[Black "Nyamdorj, Davaa-Ochir"]
[Result "0-1"]
[WhiteElo "2400"]
[BlackElo "2400"]
[PlyCount "68"]
[EventDate "2019.04.19"]
[EventType "swiss"]
[EventRounds "6"]
[EventCountry "CAN"]

1. e4 c5 2. c4 Nc6 3. Nc3 g6 4. g3 Bg7 5. Bg2 Rb8 6. Nge2 a6 7. O-O b5 8. d3 b4
9. Na4 d6 10. Rb1 Bd7 11. b3 Nd4 12. Nxd4 cxd4 13. f4 Nf6 14. h3 O-O 15. Qe1
Bxa4 16. bxa4 Qa5 17. a3 Qxa4 18. Rxb4 Rxb4 19. axb4 Rb8 20. Bd2 Qc2 21. Rf3 a5
22. b5 a4 23. Qc1 Qb3 24. Qa1 a3 25. Bc1 a2 26. Bb2 Nd7 27. Rf1 Nc5 28. Bxd4
Bxd4+ 29. Qxd4 Qa3 30. Kh2 Nb3 31. Qc3 Qa4 32. Qc2 Ra8 33. b6 a1=Q 34. b7 Q1a2
0-1

[Event "Grand Pacific op"]
[Site "Victoria CAN"]
[Date "2019.04.19"]
[Round "1.9"]
[White "Reeve, Jeff"]
[Black "Taylor, Tristan"]
[Result "1-0"]
[WhiteElo "2275"]
[BlackElo "1971"]
[PlyCount "98"]
[EventDate "2019.04.19"]
[EventType "swiss"]
[EventRounds "6"]
[EventCountry "CAN"]

1. e4 c5 2. Nc3 Nc6 3. Nge2 g6 4. g3 Bg7 5. Bg2 d6 6. d3 Nf6 7. O-O O-O 8. h3
a6 9. a4 Rb8 10. f4 Ne8 11. f5 b5 12. axb5 axb5 13. g4 Nd4 14. Nxd4 Bxd4+ 15.
Kh1 b4 16. Ne2 Bg7 17. Qe1 Bb7 18. Qh4 d5 19. Bg5 f6 20. Be3 dxe4 21. dxe4 Qc8
22. Qf2 Nd6 23. Ng3 c4 24. Bc5 Rd8 25. Rfd1 Bh6 26. fxg6 hxg6 27. Bxd6 Rxd6 28.
Rxd6 exd6 29. Qxf6 Qe8 30. Qxd6 Bf8 31. Qd4 Qe6 32. Rd1 Bg7 33. Qc5 Bxb2 34.
Rd6 Qf7 35. Qg5 Kh7 36. Nf5 Bg7 37. Qh4+ Kg8 38. Ne7+ Kf8 39. Nxg6+ Kg8 40.
Ne7+ Kf8 41. Nf5 Ra8 42. Rd8+ Rxd8 43. Qxd8+ Qe8 44. Qc7 Qf7 45. Qb8+ Qe8 46.
Qxb7 c3 47. Qd5 Qc8 48. Qd6+ Kf7 49. e5 b3 1-0

[Event "Grand Pacific op"]
[Site "Victoria CAN"]
[Date "2019.04.19"]
[Round "1.10"]
[White "Zheng, Victor"]
[Black "Kenney, Jason"]
[Result "0-1"]
[WhiteElo "1961"]
[BlackElo "2259"]
[PlyCount "80"]
[EventDate "2019.04.19"]
[EventType "swiss"]
[EventRounds "6"]
[EventCountry "CAN"]

1. Nf3 Nf6 2. g3 g6 3. Bg2 Bg7 4. O-O O-O 5. d4 d6 6. c4 Nc6 7. d5 Na5 8. Qa4
c5 9. Bd2 b6 10. Bxa5 bxa5 11. Nc3 Rb8 12. Qc2 Bd7 13. b3 a4 14. Rab1 Qa5 15.
Nd2 a3 16. e4 Qb4 17. Kh1 a5 18. f4 Ng4 19. Nd1 a4 20. h3 Nf6 21. Rf3 Qa5 22.
Qc3 Rb4 23. e5 Ne8 24. Nf2 axb3 25. Rxb3 Qc7 26. Rxb4 cxb4 27. Qxb4 dxe5 28.
Qxe7 exf4 29. gxf4 Nd6 30. c5 Nf5 31. d6 Qc8 32. Qe1 Qxc5 33. Nfe4 Qb4 34. Rc3
Qd4 35. Nf3 Qxe4 36. Qxe4 Ng3+ 37. Kh2 Nxe4 38. Rxa3 Bh6 39. Kg1 Bxf4 40. Ra4
Bxa4 0-1

[Event "Grand Pacific op"]
[Site "Victoria CAN"]
[Date "2019.04.19"]
[Round "1.18"]
[White "Leong, Ryan"]
[Black "Zhu, Brandon"]
[Result "0-1"]
[WhiteElo "1896"]
[BlackElo "2099"]
[PlyCount "80"]
[EventDate "2019.04.19"]
[EventType "swiss"]
[EventRounds "6"]
[EventCountry "CAN"]

1. Nf3 c5 2. g3 d5 3. Bg2 Nf6 4. d3 e6 5. O-O Be7 6. Nbd2 Nc6 7. c3 O-O 8. e4
b5 9. Re1 Qc7 10. a3 a5 11. Qc2 Ba6 12. Nf1 Rac8 13. Bf4 Qb6 14. e5 Nd7 15. h4
d4 16. N1h2 c4 17. dxc4 bxc4 18. Nxd4 Nxd4 19. cxd4 Qxd4 20. Rad1 Qa7 21. Ng4
Nc5 22. Be3 Qc7 23. Bxc5 Qxc5 24. h5 Rfd8 25. Be4 h6 26. Kg2 Rb8 27. Rxd8+ Rxd8
28. Qc1 Bg5 29. f4 Be7 30. Nf2 Qb6 31. Rd1 Rxd1 32. Nxd1 Qd4 33. Bf3 Bc5 34.
Qc3 Qg1+ 35. Kh3 Bb6 36. Qc2 Qf1+ 37. Kg4 g6 38. Qg2 gxh5+ 39. Kxh5 Qd3 40. Nf2
Qf5+ 0-1

[Event "Grand Pacific op"]
[Site "Victoria CAN"]
[Date "2019.04.20"]
[Round "2.1"]
[White "Kostadinov, Georgi"]
[Black "Fier, Alexandr"]
[Result "0-1"]
[WhiteElo "2631"]
[BlackElo "2205"]
[PlyCount "116"]
[EventDate "2019.04.19"]
[EventType "swiss"]
[EventRounds "6"]
[EventCountry "CAN"]

1. d4 Nf6 2. c4 e6 3. Nf3 c5 4. d5 d6 5. g3 exd5 6. cxd5 g6 7. Nc3 Bg7 8. Bg2
O-O 9. O-O Re8 10. Bf4 Bf5 11. Nd2 Nh5 12. e4 Nxf4 13. gxf4 Bd7 14. a4 Qh4 15.
Qf3 Bh6 16. Qg3 Qxf4 17. Nc4 Qxg3 18. hxg3 Bf8 19. f4 Na6 20. e5 Bf5 21. Rad1
Nb4 22. Be4 Bh3 23. Rf2 Rad8 24. Bf3 Bf5 25. Nb5 dxe5 26. fxe5 Bc2 27. Rdd2
Bxa4 28. Nc7 Bh6 29. Nxe8 Rxe8 30. Rde2 Nd3 31. Rf1 Bb3 32. Nd6 Rxe5 33. Rxe5
Nxe5 34. Bg2 Be3+ 35. Kh1 b6 36. Re1 Bd4 37. Nb5 f6 38. Nxa7 Bf2 39. Rf1 Bxg3
40. Rxf6 c4 41. Rxb6 Nf7 42. Nc8 Bd1 43. Ra6 Bg4 44. Nb6 Nd6 45. Ra4 Bd1 46.
Ra7 Be5 47. Rd7 Bg4 48. Rd8+ Kg7 49. Na4 h5 50. Nc5 h4 51. Ne4 Nf7 52. Re8 h3
53. Re7 hxg2+ 54. Kxg2 Kf8 55. Rb7 Bf5 56. Nd2 Nd6 57. Rb8+ Ke7 58. Rb4 c3 0-1

[Event "Grand Pacific op"]
[Site "Victoria CAN"]
[Date "2019.04.20"]
[Round "2.2"]
[White "Gorovets, Andrey"]
[Black "Hemstapat, Andrew"]
[Result "1-0"]
[WhiteElo "2492"]
[BlackElo "2198"]
[PlyCount "95"]
[EventDate "2019.04.19"]
[EventType "swiss"]
[EventRounds "6"]
[EventCountry "CAN"]

1. d4 Nf6 2. Bf4 g6 3. Nc3 Bg7 4. e4 d6 5. Qd2 c6 6. Bh6 O-O 7. O-O-O b5 8.
Bxg7 Kxg7 9. f3 b4 10. Nce2 Qa5 11. Kb1 Be6 12. Nc1 Nbd7 13. h4 h5 14. Nge2 Nb6
15. Nf4 Bc4 16. Nb3 Qb5 17. g4 e5 18. Nxh5+ Nxh5 19. gxh5 Bxf1 20. Rhxf1 Rh8
21. hxg6 fxg6 22. Qg5 Rae8 23. Rg1 Rh6 24. f4 exd4 25. Qxb5 cxb5 26. Nxd4 Kf6
27. e5+ dxe5 28. fxe5+ Rxe5 29. Rdf1+ Ke7 30. Nc6+ Kd6 31. Nxe5 Kxe5 32. Rg5+
Ke6 33. Rf4 a6 34. b3 Nc8 35. Rxb4 Nd6 36. h5 gxh5 37. Rh4 Rf6 38. Rgxh5 Rf1+
39. Kb2 Rd1 40. Rh7 Nf5 41. Re4+ Kd5 42. Rf4 Ke5 43. Rf2 Rd6 44. Rh5 Rf6 45. a4
b4 46. c3 a5 47. cxb4 axb4 48. a5 1-0

[Event "Grand Pacific op"]
[Site "Victoria CAN"]
[Date "2019.04.20"]
[Round "2.3"]
[White "Kaufman, Raymond"]
[Black "Chandra, Anand Rishi"]
[Result "1-0"]
[WhiteElo "2362"]
[BlackElo "2074"]
[PlyCount "50"]
[EventDate "2019.04.19"]
[EventType "swiss"]
[EventRounds "6"]
[EventCountry "CAN"]

1. d4 d5 2. c4 e6 3. Nc3 Nf6 4. cxd5 exd5 5. Bg5 Be7 6. e3 c6 7. Bd3 O-O 8. Qc2
Nbd7 9. Nge2 Re8 10. O-O b5 11. Ng3 a5 12. Nf5 Bf8 13. f3 Nb6 14. g4 a4 15. e4
Bxf5 16. gxf5 b4 17. Ne2 c5 18. dxc5 b3 19. axb3 axb3 20. Qxb3 Na4 21. Bb5 Nxc5
22. Qe3 Qc7 23. Rad1 Rec8 24. Bxf6 gxf6 25. Rxd5 Qa5 1-0

[Event "Grand Pacific op"]
[Site "Victoria CAN"]
[Date "2019.04.20"]
[Round "2.5"]
[White "Zhu, Brandon"]
[Black "Maisuradze, Nino"]
[Result "1/2-1/2"]
[WhiteElo "2099"]
[BlackElo "2344"]
[PlyCount "48"]
[EventDate "2019.04.19"]
[EventType "swiss"]
[EventRounds "6"]
[EventCountry "CAN"]

1. d4 Nf6 2. c4 e6 3. Nc3 d5 4. cxd5 exd5 5. Bg5 c6 6. e3 Be7 7. Bd3 O-O 8.
Nge2 Nh5 9. Bxe7 Qxe7 10. Qd2 f5 11. Qc2 Nf6 12. O-O Ne4 13. Rae1 Kh8 14. f3
Nxc3 15. Nxc3 Qd6 16. Ne2 Be6 17. Ng3 Qd7 18. Qc5 Qf7 19. e4 f4 20. exd5 Nd7
21. Qd6 Bxd5 22. Re7 Qf6 23. Nf5 Qxd6 24. Nxd6 Nf6 1/2-1/2

[Event "Grand Pacific op"]
[Site "Victoria CAN"]
[Date "2019.04.20"]
[Round "2.6"]
[White "Sali, Zulfikar"]
[Black "Huang, Patrick"]
[Result "1-0"]
[WhiteElo "2311"]
[BlackElo "2046"]
[PlyCount "77"]
[EventDate "2019.04.19"]
[EventType "swiss"]
[EventRounds "6"]
[EventCountry "CAN"]

1. e4 g6 2. Nf3 Bg7 3. g3 d6 4. Bg2 e5 5. O-O Nc6 6. d3 f5 7. exf5 Bxf5 8. Nc3
Nge7 9. Nh4 Be6 10. Bg5 Qd7 11. Ne4 O-O 12. Qd2 Nf5 13. Nxf5 gxf5 14. Nc3 f4
15. f3 h6 16. Bh4 Nd4 17. gxf4 Rxf4 18. Bg3 Rf7 19. Ne2 Nxe2+ 20. Qxe2 Raf8 21.
c3 Bd5 22. Rf2 Qc6 23. Raf1 Bxa2 24. Bh3 Bd5 25. Bg4 Rf6 26. h3 Be6 27. f4 Bxg4
28. Qxg4 Kh7 29. f5 Qc5 30. Kh2 Qe3 31. Bh4 h5 32. Qg2 Qxd3 33. Bxf6 Rxf6 34.
Rg1 Rf7 35. f6 Bf8 36. Qg8+ Kh6 37. Qxf7 Qh7 38. Qxf8+ Qg7 39. Qxg7# 1-0

[Event "Grand Pacific op"]
[Site "Victoria CAN"]
[Date "2019.04.20"]
[Round "2.7"]
[White "Zheng, Maven"]
[Black "Doknjas, John"]
[Result "0-1"]
[WhiteElo "1886"]
[BlackElo "2304"]
[PlyCount "130"]
[EventDate "2019.04.19"]
[EventType "swiss"]
[EventRounds "6"]
[EventCountry "CAN"]

1. d4 Nf6 2. c4 c5 3. d5 e6 4. Nc3 exd5 5. cxd5 d6 6. Nf3 g6 7. Bg5 Bg7 8. e4
O-O 9. Bd3 h6 10. Bf4 g5 11. Be3 Ng4 12. Bd2 Qb6 13. Na4 Qc7 14. O-O c4 15. Be2
Nf6 16. Nc3 Bd7 17. a4 Na6 18. Nd4 Nc5 19. Ndb5 Qb8 20. f3 a6 21. Na3 Nb3 22.
Rb1 b5 23. axb5 axb5 24. Na2 Qb6+ 25. Kh1 Nxd2 26. Qxd2 Rfc8 27. Rfc1 Nh7 28.
Rc2 Qb8 29. Nb4 c3 30. Qd3 cxb2 31. Nc6 Bxc6 32. dxc6 Qa7 33. Nxb5 Qa1 34.
Rcxb2 Bxb2 35. Rxa1 Rxa1+ 36. Bf1 Rxc6 37. Nxd6 Rxf1+ 38. Qxf1 Rc1 39. Qxc1
Bxc1 40. Nf5 h5 41. Kg1 Nf8 42. h3 Ng6 43. Kf2 f6 44. Nh6+ Kg7 45. Nf5+ Kf7 46.
Nd4 Nf4 47. Nf5 Ba3 48. Kf1 Bc5 49. h4 Kg6 50. hxg5 fxg5 51. Ng3 h4 52. Nf5 Nh5
53. Ke1 Ng7 54. Nxg7 Kxg7 55. Ke2 Kf6 56. Kd3 Ke5 57. Ke2 Kf4 58. Kf1 Kg3 59.
e5 h3 60. gxh3 Kxf3 61. e6 Kg3 62. e7 Bxe7 63. Kg1 Kxh3 64. Kh1 g4 65. Kg1 g3
0-1

[Event "Grand Pacific op"]
[Site "Victoria CAN"]
[Date "2019.04.20"]
[Round "2.8"]
[White "Nyamdorj, Davaa-Ochir"]
[Black "Bhavik, Dave"]
[Result "1-0"]
[WhiteElo "2290"]
[BlackElo "1932"]
[PlyCount "119"]
[EventDate "2019.04.19"]
[EventType "swiss"]
[EventRounds "6"]
[EventCountry "CAN"]

1. d4 d5 2. Nf3 Nf6 3. c4 c6 4. Nc3 e6 5. e3 Nbd7 6. Qc2 Bd6 7. b3 e5 8. cxd5
Nxd5 9. Nxd5 cxd5 10. dxe5 Nxe5 11. Be2 Be6 12. O-O O-O 13. Bb2 Rc8 14. Qd2 Nc6
15. Nd4 Qh4 16. g3 Qe7 17. Rfc1 Ne5 18. Nb5 a6 19. Nxd6 Qxd6 20. e4 Rxc1+ 21.
Rxc1 Rd8 22. Rd1 Nc6 23. exd5 Bxd5 24. Qg5 Qg6 25. Rxd5 Rxd5 26. Qxd5 Qb1+ 27.
Kg2 Qxb2 28. Bxa6 bxa6 29. Qxc6 g6 30. Qxa6 Qc2 31. Qa4 h5 32. Qe8+ Kg7 33.
Qe5+ Kh7 34. Qd5 Qxa2 35. Qxf7+ Kh6 36. Qf4+ Kh7 37. Qc7+ Kh6 38. Qc1+ Kh7 39.
b4 Qd5+ 40. Kg1 h4 41. Qc7+ Kh6 42. Qc1+ Kh7 43. gxh4 Qe4 44. Qg5 Qxb4 45. h5
Qe1+ 46. Kg2 Qe4+ 47. Kg3 Qd3+ 48. f3 gxh5 49. Qxh5+ Kg8 50. Qg4+ Kh8 51. Qh4+
Kg8 52. Qg5+ Kh8 53. Qf6+ Kg8 54. h4 Qf1 55. Kg4 Qg2+ 56. Kh5 Qh3 57. Kh6 Qd7
58. f4 Qh7+ 59. Kg5 Qxh4+ 60. Kxh4 1-0

[Event "Grand Pacific op"]
[Site "Victoria CAN"]
[Date "2019.04.20"]
[Round "2.10"]
[White "Kenney, Jason"]
[Black "Srinivasan, Hemant"]
[Result "1-0"]
[WhiteElo "2259"]
[BlackElo "1883"]
[PlyCount "43"]
[EventDate "2019.04.19"]
[EventType "swiss"]
[EventRounds "6"]
[EventCountry "CAN"]

1. e4 c6 2. d4 d5 3. e5 c5 4. dxc5 e6 5. Nf3 Bxc5 6. Bd3 Nc6 7. a3 a5 8. O-O
Nge7 9. Nc3 O-O 10. Re1 Ng6 11. Nb5 Na7 12. Nbd4 Qb6 13. c3 Nc6 14. Bc2 f6 15.
exf6 gxf6 16. Be3 Nxd4 17. Nxd4 e5 18. Qh5 exd4 19. Bxg6 hxg6 20. Qxg6+ Kh8 21.
Bh6 Rg8 22. Bg7+ 1-0

[Event "Grand Pacific op"]
[Site "Victoria CAN"]
[Date "2019.04.20"]
[Round "3.1"]
[White "Fier, Alexandr"]
[Black "Sali, Zulfikar"]
[Result "1-0"]
[WhiteElo "2631"]
[BlackElo "2311"]
[PlyCount "65"]
[EventDate "2019.04.19"]
[EventType "swiss"]
[EventRounds "6"]
[EventCountry "CAN"]

1. e4 c5 2. Nf3 e6 3. d4 cxd4 4. Nxd4 a6 5. Be2 Qc7 6. O-O Nf6 7. Nc3 Bc5 8.
Be3 O-O 9. f4 d6 10. Qd2 b5 11. Bf3 Bb7 12. a3 Nbd7 13. Qf2 Rac8 14. Kh1 Qb8
15. Qg3 d5 16. exd5 exd5 17. Rad1 Rfe8 18. Nf5 g6 19. Nxd5 Nxd5 20. Bxd5 Bxd5
21. Rxd5 Rxe3 22. Nxe3 Nf6 23. Rdd1 Qb7 24. Ng4 Ne4 25. Qf3 f5 26. Nf6+ Kh8 27.
Rd7 Rc7 28. Rxc7 Qxc7 29. Nxe4 fxe4 30. Qc3+ Kg8 31. b4 Bd6 32. Qxc7 Bxc7 33.
Re1 1-0

[Event "Grand Pacific op"]
[Site "Victoria CAN"]
[Date "2019.04.20"]
[Round "3.2"]
[White "Doknjas, John"]
[Black "Gorovets, Andrey"]
[Result "0-1"]
[WhiteElo "2304"]
[BlackElo "2492"]
[PlyCount "56"]
[EventDate "2019.04.19"]
[EventType "swiss"]
[EventRounds "6"]
[EventCountry "CAN"]

1. d4 d6 2. e4 Nf6 3. f3 d5 4. e5 Nfd7 5. f4 c5 6. c3 cxd4 7. cxd4 Nb6 8. Bd3
Nc6 9. Ne2 Bg4 10. h3 Bxe2 11. Bxe2 e6 12. O-O Rc8 13. Kh2 f5 14. g4 g6 15.
gxf5 gxf5 16. Be3 Qh4 17. Nd2 Rg8 18. Rf3 Bh6 19. Nf1 Rc7 20. Qe1 Qxe1 21. Rxe1
Nb4 22. Bd2 Nc2 23. Rc1 Rcg7 24. Rf2 Nxd4 25. Bh5+ Ke7 26. Be3 Nc6 27. b3 d4
28. Rd1 Nd5 0-1

[Event "Grand Pacific op"]
[Site "Victoria CAN"]
[Date "2019.04.20"]
[Round "3.3"]
[White "Sohal, Tanraj"]
[Black "Nyamdorj, Davaa-Ochir"]
[Result "1/2-1/2"]
[WhiteElo "2378"]
[BlackElo "2290"]
[PlyCount "57"]
[EventDate "2019.04.19"]
[EventType "swiss"]
[EventRounds "6"]
[EventCountry "CAN"]

1. d4 Nf6 2. c4 e6 3. Nf3 d5 4. Bg5 Be7 5. Nc3 h6 6. Bxf6 Bxf6 7. Qb3 c6 8. Rd1
O-O 9. e4 dxe4 10. Nxe4 Qa5+ 11. Rd2 Be7 12. Be2 Bb4 13. Nc3 Nd7 14. O-O Bxc3
15. bxc3 c5 16. Rdd1 Qc7 17. Rfe1 e5 18. dxe5 Nxe5 19. Nxe5 Qxe5 20. Bf3 Qc7
21. Bd5 Rb8 22. Re3 Be6 23. Qc2 Bxd5 24. cxd5 Qd6 25. c4 b5 26. Rb3 bxc4 27.
Qxc4 Rb4 28. Rxb4 cxb4 29. h3 1/2-1/2

[Event "Grand Pacific op"]
[Site "Victoria CAN"]
[Date "2019.04.20"]
[Round "3.4"]
[White "Kenney, Jason"]
[Black "Kaufman, Raymond"]
[Result "0-1"]
[WhiteElo "2259"]
[BlackElo "2362"]
[PlyCount "62"]
[EventDate "2019.04.19"]
[EventType "swiss"]
[EventRounds "6"]
[EventCountry "CAN"]

1. d4 d5 2. c4 e6 3. Nc3 Bb4 4. Nf3 Ne7 5. Qa4+ Nbc6 6. a3 Bxc3+ 7. bxc3 O-O 8.
e3 Nf5 9. cxd5 exd5 10. c4 Be6 11. Bb2 Qe8 12. Qc2 Nd6 13. cxd5 Bxd5 14. Bd3 f5
15. O-O Qg6 16. Nh4 Qh5 17. g3 Rf6 18. f3 Re8 19. Rae1 Qf7 20. Ng2 g5 21. e4
fxe4 22. fxe4 Nxe4 23. Ne3 Bb3 24. Qg2 Rxf1+ 25. Rxf1 Qe6 26. Rf5 Nf6 27. Rxg5+
Kh8 28. d5 Qxe3+ 29. Qf2 Qxf2+ 30. Kxf2 Ne5 31. Bxe5 Rxe5 0-1

[Event "Grand Pacific op"]
[Site "Victoria CAN"]
[Date "2019.04.20"]
[Round "3.5"]
[White "Maisuradze, Nino"]
[Black "Schoonmaker, Nicholas"]
[Result "1-0"]
[WhiteElo "2344"]
[BlackElo "2069"]
[PlyCount "83"]
[EventDate "2019.04.19"]
[EventType "swiss"]
[EventRounds "6"]
[EventCountry "CAN"]

1. d4 g6 2. e4 Bg7 3. Nf3 d6 4. Bc4 e6 5. Bg5 Ne7 6. Nc3 h6 7. Be3 O-O 8. Qd2
Kh7 9. h4 a6 10. Bd3 e5 11. h5 g5 12. dxe5 dxe5 13. O-O-O Nbc6 14. Nd5 f6 15.
Qc3 f5 16. Nxe7 Qxe7 17. Bc5 Qf7 18. Bxf8 Qxf8 19. exf5 Bxf5 20. Qc4 Re8 21.
Rhe1 Kh8 22. Bxf5 Qxf5 23. Qe4 Qf7 24. Kb1 Rf8 25. a3 Qe8 26. Qg4 Rf4 27. Qd7
Qxh5 28. Qxc7 e4 29. Nd2 Qg6 30. Qxb7 Rxf2 31. Nxe4 Rf7 32. Qc8+ Rf8 33. Rd6
Rxc8 34. Rxg6 Ne5 35. Rxa6 Rb8 36. b4 Nc4 37. Ka2 Re8 38. Re2 Rd8 39. Kb3 Rd4
40. Nf6 Bxf6 41. Rxf6 Kg7 42. Rc6 1-0

[Event "Grand Pacific op"]
[Site "Victoria CAN"]
[Date "2019.04.20"]
[Round "3.6"]
[White "Reeve, Jeff"]
[Black "Zhu, Brandon"]
[Result "0-1"]
[WhiteElo "2275"]
[BlackElo "2099"]
[PlyCount "94"]
[EventDate "2019.04.19"]
[EventType "swiss"]
[EventRounds "6"]
[EventCountry "CAN"]

1. c4 g6 2. g3 Bg7 3. Bg2 Nf6 4. Nc3 O-O 5. e4 d6 6. Nge2 Nc6 7. O-O e5 8. d3
Nh5 9. Nd5 f5 10. Rb1 f4 11. gxf4 Qh4 12. f5 gxf5 13. Ng3 Nf4 14. Bxf4 exf4 15.
Qh5 Qg4 16. f3 Qg6 17. Qxg6 hxg6 18. Ne2 Nd4 19. Nexf4 g5 20. Nh3 Ne6 21. Ne7+
Kf7 22. Nxf5 Bf6 23. Rfd1 Rh8 24. d4 Nxd4 25. Nxd4 Bxh3 26. Ne2 Be6 27. b3 Be5
28. Ng3 Rh7 29. Nf1 a5 30. Rbc1 c5 31. a4 Rg8 32. Rc2 Kf8 33. Rcd2 g4 34. Ng3
Ke7 35. Rd3 Rgh8 36. Nf1 Bf4 37. Re1 Kf8 38. Red1 Ke7 39. Re1 Bc8 40. Rd5 Be5
41. Rd3 Rg7 42. Ng3 gxf3 43. Rxf3 Bd4+ 44. Kh1 Rgh7 45. Nf1 Ke6 46. Rd1 Ke5 47.
Rg3 Rxh2+ 0-1

[Event "Grand Pacific op"]
[Site "Victoria CAN"]
[Date "2019.04.20"]
[Round "3.8"]
[White "Gansvind, Valeria"]
[Black "Beaudin, Jesse"]
[Result "1-0"]
[WhiteElo "2119"]
[BlackElo "1955"]
[PlyCount "56"]
[EventDate "2019.04.19"]
[EventType "swiss"]
[EventRounds "6"]
[EventCountry "CAN"]

1. d4 d5 2. Nf3 e6 3. e3 c5 4. b3 Nf6 5. Bb2 Nbd7 6. Nbd2 a6 7. c4 dxc4 8. bxc4
cxd4 9. exd4 Qa5 10. Bd3 Ba3 11. Qc2 O-O 12. O-O Bxb2 13. Qxb2 Qc7 14. a4 b6
15. Rfc1 Bb7 16. a5 bxa5 17. Qc3 Rfe8 18. Qxa5 Qc6 19. Re1 Rad8 20. Rab1 Rc8
21. Ne4 Rc7 22. d5 exd5 23. Nd4 dxe4 24. Nxc6 exd3 25. Qxc7 Rxe1+ 26. Rxe1 Bxc6
27. Qxc6 d2 28. Rd1 Ne5 1-0

[Event "Grand Pacific op"]
[Site "Victoria CAN"]
[Date "2019.04.20"]
[Round "3.9"]
[White "Doknjas, Neil"]
[Black "Kostadinov, Georgi"]
[Result "0-1"]
[WhiteElo "2102"]
[BlackElo "2205"]
[PlyCount "148"]
[EventDate "2019.04.19"]
[EventType "swiss"]
[EventRounds "6"]
[EventCountry "CAN"]

1. e4 d6 2. d4 Nf6 3. Nc3 Nbd7 4. Nf3 e5 5. Bc4 Be7 6. O-O O-O 7. Bg5 c6 8. a4
b6 9. Qe2 a6 10. Rfd1 Qc7 11. Nh4 exd4 12. Rxd4 Ne5 13. Nf5 Bxf5 14. exf5 d5
15. Ba2 Rfe8 16. Qd1 h6 17. Bf4 Bd6 18. Bg3 Qd7 19. Bxd5 cxd5 20. Nxd5 Nxd5 21.
Rxd5 Rad8 22. Qd4 Qc6 23. Rd1 Bc5 24. Qe4 Rxd5 25. Qxd5 Qxd5 26. Rxd5 Nd3 27.
h4 Re1+ 28. Kh2 Nxf2 29. Rd8+ Kh7 30. Bf4 h5 31. Rd5 Ng4+ 32. Kg3 Bf2+ 33. Kf3
Bxh4 34. Rd6 Rf1+ 35. Ke4 Nf6+ 36. Kd3 Rxf4 37. Rxb6 Nd5 38. Rd6 Nb4+ 39. Kc3
a5 40. Rd7 Rxf5 41. Kb3 Nd5 42. Ka3 Ne3 43. Rc7 Rf2 44. c3 Bf6 45. b4 Nd5 46.
Rc5 axb4+ 47. cxb4 Nxb4 48. Rxh5+ Kg6 49. Rh3 Nc2+ 50. Kb3 Nd4+ 51. Kc4 Ra2 52.
Rg3+ Kf5 53. Kd5 Rxa4 54. Re3 Ra2 55. g3 g5 56. Kd6 Rd2 57. Kc5 Ne6+ 58. Kc6 g4
59. Ra3 Rc2+ 60. Kb7 Rc7+ 61. Kb6 Bd4+ 62. Kb5 Rc3 63. Ra1 Rxg3 64. Rf1+ Rf3
65. Rh1 g3 66. Kc4 Rc3+ 67. Kd5 Rc5+ 68. Kd6 Be5+ 69. Kd7 Rc7+ 70. Ke8 Rc8+ 71.
Ke7 Bf6+ 72. Kd7 Rd8+ 73. Kc6 g2 74. Rh5+ Ng5 0-1

[Event "Grand Pacific op"]
[Site "Victoria CAN"]
[Date "2019.04.20"]
[Round "3.10"]
[White "Hemstapat, Andrew"]
[Black "Wei, Daniel"]
[Result "0-1"]
[WhiteElo "2198"]
[BlackElo "1946"]
[PlyCount "94"]
[EventDate "2019.04.19"]
[EventType "swiss"]
[EventRounds "6"]
[EventCountry "CAN"]

1. e4 c5 2. Nf3 Nc6 3. d4 cxd4 4. Nxd4 g6 5. Nc3 Bg7 6. Be3 Nf6 7. Nxc6 bxc6 8.
e5 Ng4 9. Bd4 f6 10. f4 Qa5 11. Qe2 c5 12. exf6 Nxf6 13. Be5 O-O 14. Qb5 Qxb5
15. Bxb5 d6 16. Bxf6 Bxf6 17. Bc4+ Kg7 18. Nd1 Rb8 19. Rb1 Bf5 20. Bd3 Bxd3 21.
cxd3 Rb4 22. Rf1 Ra4 23. Ra1 Bd4 24. a3 c4 25. Rc1 cxd3 26. Rc7 Kf6 27. Nc3
Bxc3+ 28. Rxc3 Re4+ 29. Kd2 Re2+ 30. Kxd3 Rxg2 31. Rc2 Rxc2 32. Kxc2 Kg7 33.
Kd3 e5 34. Ke4 Rxf4+ 35. Rxf4 exf4 36. Kxf4 Kf6 37. b4 g5+ 38. Kg4 Ke5 39. a4
Kd5 40. Kxg5 Kc4 41. b5 Kb4 42. Kf6 Kxa4 43. Ke6 Kxb5 44. Kxd6 a5 45. Kd5 Kb4
46. Kd4 Kb3 47. Kd3 Kb2 0-1

[Event "Grand Pacific op"]
[Site "Victoria CAN"]
[Date "2019.04.21"]
[Round "4.1"]
[White "Gorovets, Andrey"]
[Black "Fier, Alexandr"]
[Result "1-0"]
[WhiteElo "2492"]
[BlackElo "2631"]
[PlyCount "97"]
[EventDate "2019.04.19"]
[EventType "swiss"]
[EventRounds "6"]
[EventCountry "CAN"]

1. d4 d5 2. c4 e6 3. Nc3 Be7 4. Nf3 Nf6 5. g3 O-O 6. Bg2 c6 7. O-O Nbd7 8. b3
b6 9. Bb2 Ba6 10. Nd2 b5 11. cxb5 cxb5 12. a3 Rc8 13. b4 Nb6 14. Nb3 Nc4 15.
Bc1 Nd7 16. Nc5 Nxc5 17. dxc5 Bf6 18. Qb3 Bb7 19. Ra2 Bxc3 20. Qxc3 d4 21. Qd3
Bxg2 22. Kxg2 Qd5+ 23. Qf3 Ne3+ 24. fxe3 Qxa2 25. exd4 f6 26. Rd1 Rfd8 27. Rd3
Qc4 28. Bb2 e5 29. dxe5 Rxd3 30. Qxd3 Qxd3 31. exd3 Rd8 32. Kf3 Kf7 33. Ke4 f5+
34. Kxf5 Rxd3 35. e6+ Ke7 36. Bxg7 Rf3+ 37. Ke4 Rxa3 38. Kd5 a5 39. c6 axb4 40.
Bd4 Ra8 41. Bc5+ Kf6 42. c7 b3 43. Kd6 Kf5 44. Bd4 Ra4 45. c8=Q Rxd4+ 46. Ke7
Rc4 47. Qb7 Rb4 48. Qd5+ Kg4 49. Qc5 1-0